000 00924nam a2200277 i 4500
001 000021878
003 DO-SdBNP
005 20240117081754.0
007 ta
008 091012s1968 dr r 000 0 spa d
040 _aDO-SdBNP
_bspa
_cBNPHU
_erda
082 4 _a972.93
_bG216c, 1968
_222
100 1 _aGarcía, José Gabriel,
_d1834-1910
_926153
_eautor
245 1 0 _aCompendio de la historia de Santo Domingo /
_cJosé Gabriel García.
250 _a4a ed.
264 _aSanto Domingo :
_bPublicaciones Ahora,
_c1968.
300 _a4 volumenes ;
_c21 cm.
336 _2rdacontent
_atexto
_btxt
337 _2rdamedia
_asin medición
_bn
338 _2rdacarrier
_avolumen
_bnc
590 _aInventariado, 2018/BT
651 4 _aRepública Dominicana
_xHistoria
_9170
651 4 _aIsla Española (Haití y República Dominicana{Rpara}
_xHistoria
_938883
910 _aValidado. Control de calidad. MFF
942 _2ddc
_cLBS1
999 _c21376
_d21376